Basketball : the skill of the game

Bibliographic Details
Main Author: Stimpson, Paul (Author)
Format: Book
Published: Marlborough, Wiltshire : The Crowood press , 1986
Subjects:

MARC

LEADER 00000cam a2200000 7i4500
001 0000007954
005 20021119093000.0
008 021119n
020 |a 0946284431 
050 0 0 |a GV885   |b .S7 
090 0 0 |a GV885   |b .S7 
100 0 |a Stimpson, Paul ,   |e author 
245 0 0 |a Basketball :   |b the skill of the game   |c Paul Stimpson 
260 2 |a Marlborough, Wiltshire :   |b The Crowood press ,   |c 1986 
300 |a 121 p. ; ;   |c 24 cm. 
500 |a Includes index 
650 0 |a Basketball 
999 |a 1000009833   |b Book   |c OPEN SHELF (30 DAYS)   |e Gong Badak Campus